000 01239nam a2200313Ia 4500
003 CO-BoRNBP
005 20250604155807.0
007 ta
008 180109s9999 xx 000 0 und d
020 _a9788493976965
040 _aCO-BoRNBP
_bspa
_erda
_cCO-BoRNBP
041 _aspa
084 _aC SAK1
100 1 _aSaki,
_d1870-1916
_92725
245 1 0 _aRelatos horriblemente buenos y escalofriantes /
_cilustraciones Rodrigo Folgueira ; traducción Margarita Costa.
250 _aPrimera edición.
264 1 _aMadrid :
_bUnaLuna;2013
300 _a93 páginas :
_bilustraciones en color ;
_c30 cm
336 _atexto
_btxt
_2rdacontent
337 _asin mediación
_bn
_2rdamedia
338 _avolumen
_bnc
_2rdacarrier
490 0 _aFuera de serie
505 0 _aEl día del santo El narrador Los intrusos La ventana abierta La imagen del alma perdida El tatuaje El cuarto de los trastos Crepúsculo Otros datos escalofriantes.
650 0 4 _aCuentos Ingleses - Siglo XX
_2LEMB
650 0 0 _aAutores ingleses siglo xx audiolibros
_2LEMB
_959570
650 0 0 _aLiteratura inglesa siglo xx audiolibros
_2LEMB
_959571
700 1 _aFolgueira, Rodrigo, ilustrador \ Costa, Margarita, traductora
_959572
942 _2loc
_cBK
999 _c57140
_d57140